Marvel Rivals: Storm Skins by Picture - Statistics

General Stats
  • This quiz has been taken 9 times
  • The average score is 3 of 6
Answer Stats
Picture Answer % Correct
Symbiote Storm
100%
Goddess of Thunder
67%
Queen of Orphans
50%
Ivory Breeze
33%
Mohawk Rock
33%
Ultimate Wind-Rider
17%
No matching quizzes found
Score Distribution
Percent of People with Each Score
Percentile by Number Answered
Your Score History
You have not taken this quiz